000 00536nam a2200181Ia 4500
001 25044
005 20260414151124.0
008 260414t2017||||xx |||||||||||||| ||spa||
041 _aESP
082 _a346.13
_bA57
100 _aAnaya Castillo, Javier
_eAUT
245 0 _aEl conflicto entre la propiedad no inscrita y el crédito con anotación de embargo :
_banálisis doctrinal, normativo y jurisprudencial
260 _c2017
300 _a527 páginas :
_c25 cm.
650 _aDER
654 _aCDE
942 _cLIB
_dJUS
_fJUS
_2ddc
_n
999 _c25044
_d25044